Personnalités les plus suivies sur Twitter - Statistiques

Statistiques générales
  • Ce quiz a été pris 301 fois
  • Le résultat moyen est 8 sur 22
Statistiques - réponses
Followers
(en Millions)
Domaine Réponse % Correct
87.8 Politique Donald Trump
93%
106 Football Cristiano Ronaldo
92%
121.8 Entreprenariat Elon Musk
86%
133.4 Politique Barack Obama
76%
52.4 Basketball LeBron James
56%
107.3 Musique Rihanna
55%
59.5 Football Neymar
49%
92 Musique Taylor Swift
46%
113.6 Musique Justin Bieber
43%
74.3 Télévision Kim Kardashian
29%
66.4 Musique Selena Gomez
24%
84.9 Musique Lady Gaga
23%
53.2 Musique Shakira
19%
61.2 Entreprenariat Bill Gates
18%
108.7 Musique Katy Perry
17%
51.2 Télévision Jimmy Fallon
16%
76.9 Télévision Ellen DeGeneres
12%
56 Musique Britney Spears
6%
62.7 Musique Justin Timberlake
4%
53.9 Musique Demi Lovato
2%
85 Politique Narendra Modi
2%
52.2 Cricket Virat Kohli
1%
Aucun quiz correspondant
Distribution des résultats
% des personnes avec chaque résultat
Percentile par nombre de réponses
Votre historique - résultats
Vous n’avez pas pris ce quiz